|
|
|
|
| LEADER |
01436nam a2200301 a 4500 |
| 001 |
13568663 |
| 008 |
100104s2004 ii b 001 0 eng d |
| 010 |
|
|
|a 2004009690
|
| 020 |
|
|
|a 0761932534 (hard back)
|
| 020 |
|
|
|a 8178293889
|
| 040 |
|
|
|a DLC
|c DLC
|d DLC
|d BD-DhAAL
|
| 082 |
0 |
0 |
|a 306.3/089
|2 22
|
| 245 |
0 |
0 |
|a Globalization and indigenous peoples in Asia :
|b changing the local-global interface /
|c editors, Dev Nathan, Govind Kelkar, Pierre Walter.
|
| 260 |
|
|
|a New Delhi ;
|a Thousand Oaks :
|b SAGE Publications,
|c c2004.
|
| 300 |
|
|
|a 339 p. ;
|c 23 cm.
|
| 504 |
|
|
|a Includes bibliographical references and index.
|
| 541 |
1 |
|
|e 00013182
|
| 650 |
|
0 |
|a Sustainable development
|x Social aspects
|z Asia.
|
| 650 |
|
0 |
|a Economic development
|x Social aspects
|z Asia.
|
| 650 |
|
0 |
|a Indigenous peoples
|z Asia
|x Economic conditions.
|
| 650 |
|
0 |
|a Globalization
|x Economic aspects.
|
| 700 |
1 |
|
|a Nathan, Dev.
|
| 700 |
1 |
|
|a Kelkar, Govind,
|d 1939-
|
| 700 |
1 |
|
|a Walter, Pierre
|q (Pierre Gilbert)
|
| 852 |
4 |
|
|a Ayesha Abed Library
|j General Shelf.
|
| 999 |
|
|
|c 6716
|d 6716
|
| 952 |
|
|
|0 0
|1 0
|2 ddc
|4 0
|6 306_308900000000000_GLO
|7 0
|9 6894
|a BRACUL
|b BRACUL
|c GEN
|d 2010-01-06
|l 1
|o 306.3089 GLO
|p 3010013182
|r 2010-04-21
|s 2010-04-05
|t 2
|w 2010-01-06
|y BK
|x Price not available in Register
|
| 952 |
|
|
|0 0
|1 0
|2 ddc
|4 0
|6 306_308900000000000_GLO
|7 0
|9 22101
|a BRACUL
|b BRACUL
|c GEN
|d 2013-03-27
|l 0
|o 306.3089 GLO
|p 3010013122
|r 2013-03-27
|t 1
|w 2013-03-27
|y BK
|x Price not available in Register
|